Statistics for Top 20 Words Ending in -ST

Click here to take the quiz!

General Stats

  • This quiz has been taken 246 times
  • The average score is 12 of 20

Answer Stats

ranklettersword% Correct
134best
91%
44last
87%
34most
86%
124past
84%
194lost
80%
154list
77%
164west
75%
54must
74%
84test
74%
184post
73%
94rest
73%
114cost
64%
204east
64%
25first
64%
14just
51%
175trust
35%
146almost
20%
67against
13%
108interest
9%
77suggest
6%

Score Distribution

Percentile by Number Answered

Percent of People with Each Score

Your Score History

You have not taken this quiz